Most Common US Last Names - Extreme Alphabetic - Statistics

General Stats
  • This quiz has been taken 5,174 times
  • The average score is 158 of 500
Answer Stats
# name % Correct
2,376,206 Smith
89%
1,857,160 Johnson
87%
77,453 Le
85%
1,380,145 Brown
84%
666,125 Jackson
82%
150,186 Black
81%
1,534,042 Williams
81%
413,086 Adams
80%
639,515 White
80%
413,477 Green
79%
1,362,755 Jones
79%
605,860 Lee
77%
762,394 Anderson
76%
593,542 Harris
75%
233,224 James
74%
672,711 Martin
72%
1,072,335 Davis
71%
710,696 Thomas
71%
783,051 Wilson
71%
175,577 Harrison
70%
366,215 Roberts
69%
129,320 Andrews
68%
362,548 Carter
68%
1,127,803 Miller
68%
720,370 Taylor
68%
81,890 Park
67%
134,231 Peters
66%
644,368 Thompson
66%
125,653 Richards
65%
463,368 Allen
64%
102,044 Davidson
63%
65,918 Frank
63%
411,770 Hill
62%
438,986 King
62%
163,036 Washington
62%
509,930 Lewis
60%
324,246 Parker
60%
465,948 Young
60%
413,351 Baker
59%
178,397 Ford
59%
275,041 Peterson
59%
150,299 Robertson
59%
804,240 Rodriguez
59%
270,097 Cooper
58%
75,135 Daniel
58%
249,533 Richardson
58%
65,719 Chan
57%
548,369 Clark
57%
317,070 Edwards
57%
134,034 Grant
57%
236,713 Gray
57%
621,536 Lopez
56%
775,072 Martinez
56%
176,094 McDonald
56%
311,754 Morris
56%
247,299 Wood
56%
138,776 Daniels
55%
858,289 Garcia
55%
698,671 Moore
55%
181,417 Stevens
55%
342,237 Evans
54%
119,778 George
54%
706,372 Hernandez
54%
124,839 Matthews
54%
264,752 Bell
53%
473,568 Hall
53%
72,248 Paul
53%
188,464 West
53%
81,524 Bush
52%
114,859 Franklin
52%
171,636 Kennedy
52%
503,028 Robinson
52%
62,534 Tyler
51%
501,307 Walker
51%
193,443 Alexander
50%
112,216 Williamson
50%
263,590 Gomez
49%
151,986 Hunt
48%
155,484 Mason
48%
310,125 Nguyen
48%
60,461 Owen
48%
294,403 Rogers
48%
420,091 Scott
48%
158,241 Simpson
48%
168,814 Woods
48%
317,848 Collins
47%
254,779 Howard
47%
197,212 Jordan
47%
367,433 Mitchell
47%
117,939 Morrison
47%
412,236 Nelson
47%
351,848 Phillips
47%
441,242 Sanchez
47%
220,902 Sanders
47%
597,718 Gonzalez
46%
154,410 Hunter
46%
260,385 Kelly
46%
101,726 May
46%
128,794 Ray
46%
312,899 Stewart
46%
242,432 Watson
46%
69,756 Chang
45%
187,793 Cole
45%
139,302 Fernandez
45%
132,466 Hart
45%
161,392 Henry
45%
194,067 Kim
45%
124,321 Lawrence
45%
210,279 Fisher
44%
210,094 Henderson
44%
111,641 Oliver
44%
156,848 Porter
44%
138,742 Stephens
44%
149,802 Stone
44%
104,281 Walters
44%
125,627 Willis
44%
113,892 Carr
43%
223,494 Long
43%
276,400 Morgan
43%
146,924 Rose
43%
219,961 Ross
43%
139,335 Ryan
43%
72,892 Stevenson
43%
440,367 Wright
43%
194,074 Graham
42%
212,644 Perry
42%
388,987 Ramirez
42%
335,663 Turner
42%
67,570 Wang
42%
77,561 Ball
41%
294,795 Cook
41%
119,604 Greene
41%
187,473 Hayes
41%
229,390 Hughes
41%
300,501 Murphy
41%
488,521 Perez
41%
147,906 Warren
41%
162,153 Burns
40%
371,953 Campbell
40%
115,540 Jacobs
40%
60,999 Marsh
40%
170,635 Wells
40%
85,221 Barker
39%
131,289 Bradley
39%
194,331 Hamilton
39%
119,868 Harper
39%
141,936 Nichols
39%
176,334 Owens
39%
74,839 Simon
39%
210,426 Barnes
38%
93,161 Beck
38%
181,934 Ellis
38%
147,357 Fox
38%
81,022 Mann
38%
99,392 Wong
38%
168,817 Alvarez
37%
84,233 Benson
37%
69,279 Blake
37%
240,751 Brooks
37%
231,065 Cruz
37%
101,676 Day
37%
71,723 Francis
37%
162,686 Freeman
37%
154,934 Gordon
37%
128,935 Johnston
37%
62,034 Leon
37%
100,417 Lucas
37%
177,213 Marshall
37%
147,909 Mills
37%
136,517 Pierce
37%
195,598 Reynolds
37%
190,760 Wallace
37%
65,817 Waters
37%
113,160 Austin
36%
265,916 Bailey
36%
129,405 Berry
36%
105,544 Chen
36%
80,190 Dawson
36%
80,030 Joseph
36%
115,385 O'Brien
36%
198,557 Patterson
36%
267,443 Reed
36%
183,761 Bryant
35%
109,230 Dean
35%
251,772 Diaz
35%
103,242 Fields
35%
221,040 Foster
35%
109,079 Hanson
35%
71,103 Potter
35%
239,055 Bennett
34%
253,771 Cox
34%
74,784 Dennis
34%
96,425 Douglas
34%
215,432 Russell
34%
201,650 Simmons
34%
71,175 Brady
33%
120,124 Carlson
33%
115,186 Lawson
33%
178,414 Murray
33%
86,346 Parks
33%
129,982 Armstrong
32%
136,315 Arnold
32%
99,294 Banks
32%
210,879 Butler
32%
62,546 Clarke
32%
68,309 Farmer
32%
88,810 Gregory
32%
150,166 Holmes
32%
130,793 Hudson
32%
213,737 Jenkins
32%
131,860 Knight
32%
89,198 Leonard
32%
74,531 Quinn
32%
107,158 Burton
31%
208,624 Coleman
31%
184,420 Gibson
31%
128,727 Lane
31%
64,576 Logan
31%
78,323 Love
31%
74,756 O'Connor
31%
163,502 Olson
31%
145,066 Patel
31%
127,960 Riley
31%
155,172 Shaw
31%
93,817 Stanley
31%
163,481 Webb
31%
59,843 Lang
30%
121,064 Larson
30%
228,756 Price
30%
73,021 Rodgers
30%
325,169 Torres
30%
103,216 Walsh
30%
254,121 Ward
30%
127,073 Carpenter
29%
152,015 Dixon
29%
80,932 Fletcher
29%
193,934 Gonzales
29%
112,136 Harvey
29%
89,178 Lowe
29%
149,664 Meyer
29%
100,491 Newman
29%
150,407 Palmer
29%
216,553 Powell
29%
72,642 Singh
29%
162,933 Tucker
29%
81,824 Warner
29%
76,114 Chandler
28%
68,699 Gill
28%
102,718 Little
28%
81,933 Miles
28%
65,269 Norman
28%
214,683 Ortiz
28%
104,007 Reid
28%
145,565 Schmidt
28%
134,443 Spencer
28%
215,640 Sullivan
28%
95,896 Barrett
27%
132,457 Elliott
27%
312,615 Flores
27%
138,660 Gardner
27%
212,905 Gutierrez
27%
133,474 Hansen
27%
112,332 Jensen
27%
67,154 Mack
27%
224,824 Myers
27%
72,328 Newton
27%
175,429 Ruiz
27%
80,944 Zimmerman
27%
66,622 Barton
26%
158,121 Crawford
26%
98,958 Curtis
26%
130,419 Duncan
26%
72,052 Garner
26%
112,406 Gilbert
26%
190,636 Griffin
26%
157,475 Jimenez
26%
112,736 Mendez
26%
85,212 Norris
26%
146,440 Rice
26%
78,141 Robbins
26%
72,627 Yang
26%
93,743 Bates
25%
114,034 Bishop
25%
119,175 Burke
25%
73,522 Fitzgerald
25%
106,682 Fuller
25%
87,038 Jennings
25%
65,779 Maxwell
25%
299,463 Rivera
25%
100,553 Schneider
25%
86,228 Watts
25%
124,614 Chapman
24%
77,492 Cortez
24%
89,591 Craig
24%
70,095 Fischer
24%
61,805 Norton
24%
66,203 Parsons
24%
126,951 Perkins
24%
79,817 Reeves
24%
92,834 Wade
24%
70,997 Walton
24%
92,287 Barnett
23%
185,865 Chavez
23%
87,226 Cohen
23%
62,335 Conner
23%
136,955 Dunn
23%
71,482 Goodman
23%
79,685 Klein
23%
61,154 Lloyd
23%
81,035 McCarthy
23%
193,096 Ramos
23%
232,511 Reyes
23%
122,447 Watkins
23%
88,114 Becker
22%
80,936 Erickson
22%
142,256 Ferguson
22%
77,429 Griffith
22%
132,645 Hoffman
22%
72,069 Manning
22%
112,144 Montgomery
22%
73,750 Moss
22%
67,210 Saunders
22%
159,989 Vasquez
22%
154,516 Wagner
22%
107,866 Weber
22%
70,123 Webster
22%
68,905 Wolf
22%
79,151 Baldwin
21%
75,135 Blair
21%
131,896 Cunningham
21%
83,731 Dominguez
21%
107,777 Garrett
21%
82,955 Hale
21%
134,066 Hawkins
21%
94,603 Hopkins
21%
68,785 Juarez
21%
217,642 Morales
21%
90,208 Nunez
21%
98,728 Pearson
21%
90,401 Powers
21%
126,164 Silva
21%
83,437 Terry
21%
138,811 Weaver
21%
76,504 Barber
20%
67,063 Hammond
20%
153,618 Hicks
20%
94,300 Keller
20%
71,754 Reese
20%
90,967 Santiago
20%
98,993 Santos
20%
84,699 Schwartz
20%
69,840 Sherman
20%
105,804 Welch
20%
149,476 Boyd
19%
131,020 Carroll
19%
90,325 Chambers
19%
64,141 Floyd
19%
102,620 Fowler
19%
99,885 Holland
19%
84,710 Holt
19%
83,523 Horton
19%
83,849 Neal
19%
80,493 Page
19%
138,028 Payne
19%
104,962 Schultz
19%
136,095 Tran
19%
121,684 Wheeler
19%
126,399 Aguilar
18%
133,254 Castro
18%
71,344 Curry
18%
63,149 French
18%
76,608 Hardy
18%
109,634 Howell
18%
137,555 Kelley
18%
93,131 Ortega
18%
66,205 Rowe
18%
76,868 Sharp
18%
76,477 Acosta
17%
71,528 Adkins
17%
100,465 Brewer
17%
73,518 Doyle
17%
114,448 Lynch
17%
79,951 Marquez
17%
106,481 McCoy
17%
86,317 McDaniel
17%
168,567 Mendoza
17%
88,917 Rhodes
17%
107,244 Sims
17%
159,363 Snyder
17%
76,539 Swanson
17%
61,400 Yates
17%
102,239 Bowman
16%
165,473 Castillo
16%
75,134 Cross
16%
62,514 Gibbs
16%
66,378 Hampton
16%
140,786 Herrera
16%
84,353 Steele
16%
69,810 Todd
16%
85,037 Vaughn
16%
88,811 Byrd
15%
64,815 Casey
15%
76,707 Cummings
15%
61,747 Flynn
15%
68,075 Gallagher
15%
82,179 Graves
15%
74,285 Gross
15%
65,131 Harrington
15%
63,827 Hartman
15%
82,037 Haynes
15%
78,107 Higgins
15%
90,618 Lambert
15%
146,088 Moreno
15%
76,625 Ramsey
15%
67,208 Tate
15%
98,610 Valdez
15%
87,728 Vega
15%
77,078 Bowen
14%
63,825 Buchanan
14%
91,338 Caldwell
14%
87,949 Fleming
14%
118,390 Guzman
14%
72,414 Harmon
14%
69,257 Malone
14%
78,546 Moran
14%
64,305 Mueller
14%
117,774 Munoz
14%
96,569 Rios
14%
153,772 Romero
14%
123,952 Vargas
14%
83,112 Wolfe
14%
63,739 Cobb
13%
88,325 Frazier
13%
70,333 Goodwin
13%
94,152 Guerrero
13%
61,651 Hogan
13%
66,665 Ingram
13%
82,258 Lyons
13%
71,925 McGee
13%
80,616 McKinney
13%
59,801 Pratt
13%
73,071 Rojas
13%
106,631 Soto
13%
81,191 Thornton
13%
84,926 Vazquez
13%
66,738 Wise
13%
93,723 Alvarado
12%
67,923 Cannon
12%
63,023 Kramer
12%
76,127 Luna
12%
88,016 Maldonado
12%
139,353 Medina
12%
88,326 Shelton
12%
87,373 Sutton
12%
69,843 Avila
11%
61,979 Bauer
11%
69,950 Campos
11%
71,144 Christensen
11%
98,675 Delgado
11%
68,046 Duran
11%
62,116 McGuire
11%
73,128 McLaughlin
11%
67,646 Miranda
11%
66,412 Schroeder
11%
66,853 Townsend
11%
66,515 Ayala
10%
64,496 Bowers
10%
92,831 Estrada
10%
68,145 Hines
10%
68,868 Hodges
10%
61,199 Lindsey
10%
60,874 McBride
10%
70,211 Molina
10%
65,802 Osborne
10%
98,345 Pena
10%
59,949 Pham
10%
61,750 Pope
10%
113,468 Salazar
10%
71,604 Burgess
9%
79,322 Espinoza
9%
72,533 Figueroa
9%
68,021 Hubbard
9%
62,663 McCormick
9%
70,286 Mullins
9%
64,772 Patton
9%
61,619 Robles
9%
96,303 Sandoval
9%
65,598 Deleon
8%
124,130 Garza
8%
73,970 Navarro
8%
81,805 Padilla
8%
60,045 Solis
8%
62,234 Sparks
8%
67,054 Carrillo
7%
92,660 Contreras
7%
64,180 Glover
7%
62,344 Moody
7%
61,582 Salinas
7%
66,534 Mejia
6%
65,814 Strickland
5%
No matching quizzes found
Score Distribution
Percent of People with Each Score
Percentile by Number Answered
Your Score History
You have not taken this quiz